[Event "?"]
[Site "?"]
[Date "????.??.??"]
[Round "?"]
[White "Titz, H."]
[Black "Vucenovic, D."]
[Result "0-1"]
[WhiteElo "2268"]
[BlackElo "2307"]
[PlyCount "110"]

1. c4 e5 2. Nc3 Nc6 3. g3 d6 4. Bg2 g6 5. d3 Bg7 6. Rb1 Be6 7. b4 Qd7 8. b5 Nd8
9. a4 Ne7 10. h4 h6 11. e4 O-O 12. h5 f5 13. hxg6 f4 14. gxf4 exf4 15. Nd5 Nxg6
16. Bb2 c6 17. Qh5 Ne5 18. Bxe5 dxe5 19. Nb4 a5 20. bxa6 bxa6 21. Nf3 Nf7 22.
Bh3 Bxh3 23. Qxh3 Qxh3 24. Rxh3 Rfb8 25. Nd2 Bf8 26. Nxc6 Rxb1+ 27. Nxb1 Rc8
28. Na7 Rc7 29. Nb5 axb5 30. axb5 Ra7 31. Kd1 Ra2 32. Rh2 Bc5 33. Nd2 Kf8 34.
f3 Be3 35. Nf1 Ra1+ 36. Ke2 Bd4 37. Nd2 Ra2 38. Kd1 Be3 39. Nf1 Rxh2 40. Nxh2
h5 41. Ke2 Bg1 42. Nf1 Ke7 43. Nd2 Kd6 44. Kf1 Be3 45. Nb3 Bb6 46. Kg2 Ng5 47.
Nc1 Be3 48. Ne2 h4 49. Nc3 h3+ 50. Kh2 Bf2 51. Ne2 Kc5 52. Nc1 Bg3+ 53. Kh1
Nxf3 54. Nb3+ Kb6 55. Nc1 Nd4 0-1

[Event "?"]
[Site "?"]
[Date "????.??.??"]
[Round "?"]
[White "Karl, H."]
[Black "Ager, J."]
[Result "1/2-1/2"]
[WhiteElo "2244"]
[BlackElo "2235"]
[PlyCount "81"]

1. d4 d5 2. c4 c6 3. Nc3 Nf6 4. Nf3 a6 5. cxd5 cxd5 6. Qb3 Nc6 7. Bg5 e6 8. e3
Be7 9. Bd3 O-O 10. O-O Bd7 11. Rac1 b5 12. Bb1 Rc8 13. Qc2 g6 14. Qe2 Na5 15.
Bd3 Nc4 16. b3 Nd6 17. Ne5 Rxc3 18. Rxc3 Nde4 19. Bxe4 Nxe4 20. Bxe7 Nxc3 21.
Qc2 Qxe7 22. Qxc3 Rc8 23. Qa5 Qd6 24. Nxd7 Qxd7 25. Qxa6 b4 26. h3 Rc2 27. a4
bxa3 28. Qxa3 Qb5 29. b4 Qe2 30. Qa8+ Kg7 31. Qb8 Rb2 32. Qe5+ Kg8 33. Qf4 Qc2
34. Qb8+ Kg7 35. b5 g5 36. b6 Qc6 37. Qd8 h6 38. Ra1 Qc2 39. Rf1 Qc6 40. Ra1
Qc2 41. Rf1 1/2-1/2

[Event "?"]
[Site "?"]
[Date "????.??.??"]
[Round "?"]
[White "Winiwarter, F."]
[Black "Bhend, E."]
[Result "1-0"]
[WhiteElo "2175"]
[BlackElo "2271"]
[PlyCount "137"]

1. e4 c5 2. Nf3 Nc6 3. d4 cxd4 4. Nxd4 Nf6 5. Nc3 e5 6. Ndb5 d6 7. Bg5 a6 8.
Na3 b5 9. Nd5 Be7 10. Bxf6 Bxf6 11. c3 Ne7 12. Nxf6+ gxf6 13. Bd3 Bb7 14. Qh5
d5 15. O-O-O Qb6 16. Qh6 O-O-O 17. f3 Kb8 18. Nc2 Qe6 19. Qe3 Rd7 20. Kb1 Rhd8
21. Be2 f5 22. exf5 Nxf5 23. Qf2 Nd6 24. Rhe1 Qh6 25. Nb4 Nc8 26. Nd3 Re7 27.
Nc5 Qxh2 28. a4 Qh6 29. axb5 axb5 30. Bxb5 Qb6 31. Na6+ Ka7 32. Nc5 Kb8 33. Bf1
f6 34. f4 Rc7 35. Na6+ Bxa6 36. Qxb6+ Nxb6 37. Bxa6 e4 38. Rxe4 Ka7 39. Bf1 Rb8
40. Rb4 Rd8 41. Re1 Rd6 42. Kc2 Kb7 43. Kd3 Rc4 44. Rxc4 dxc4+ 45. Kc2 Kc6 46.
Re7 Kc5 47. Rxh7 Nd5 48. Rh5 Re6 49. Kd2 Rb6 50. Kc1 Re6 51. Kd2 Rb6 52. b4+
Kd6 53. Bxc4 Nxf4 54. Rf5 Nxg2 55. Rxf6+ Kc7 56. Rxb6 Kxb6 57. Bf7 Nh4 58. Kd3
Nf5 59. c4 Ne7 60. Be8 Nc8 61. c5+ Kc7 62. Kc4 Kd8 63. Bh5 Kc7 64. Bf3 Ne7 65.
b5 Nc8 66. Be4 Ne7 67. b6+ Kb8 68. c6 Nc8 69. c7# 1-0

[Event "?"]
[Site "?"]
[Date "????.??.??"]
[Round "?"]
[White "Liebert, H."]
[Black "Jansson, B."]
[Result "1/2-1/2"]
[WhiteElo "2265"]
[BlackElo "2349"]
[PlyCount "37"]

1. c4 e5 2. Nc3 Nf6 3. Nf3 Nc6 4. g3 Nd4 5. Bg2 Nxf3+ 6. Bxf3 Be7 7. d4 d6 8.
b3 c6 9. d5 c5 10. O-O Bh3 11. Bg2 Bxg2 12. Kxg2 O-O 13. e4 a6 14. a4 Nd7 15.
Qd3 Bg5 16. Bb2 Bh6 17. Rae1 Qg5 18. Re2 Rae8 19. f3 1/2-1/2

[Event "?"]
[Site "?"]
[Date "????.??.??"]
[Round "?"]
[White "Kinnmark, O."]
[Black "Hamm, G."]
[Result "1/2-1/2"]
[WhiteElo "2328"]
[BlackElo "2166"]
[PlyCount "36"]

1. e4 c6 2. d4 g6 3. Nf3 Bg7 4. Nc3 d5 5. h3 Nf6 6. Bd3 dxe4 7. Nxe4 Nxe4 8.
Bxe4 Nd7 9. O-O O-O 10. c3 e5 11. Bc2 exd4 12. Nxd4 Nc5 13. Be3 Ne6 14. Nf3 Qc7
15. Qc1 b6 16. Re1 c5 17. Be4 Bb7 18. Bh6 Rfe8 1/2-1/2

[Event "?"]
[Site "?"]
[Date "????.??.??"]
[Round "?"]
[White "Just, J."]
[Black "Halleroed, R."]
[Result "0-1"]
[WhiteElo "2146"]
[BlackElo "2171"]
[PlyCount "120"]

1. c4 e5 2. Nc3 Nc6 3. g3 g6 4. Bg2 Bg7 5. d3 Nge7 6. Bd2 O-O 7. Rb1 Nd4 8. e3
Ne6 9. Nge2 c6 10. O-O d5 11. cxd5 cxd5 12. b4 b6 13. Qb3 Bb7 14. Rfc1 Qd7 15.
a4 d4 16. Nb5 Bxg2 17. Kxg2 dxe3 18. Bxe3 Rfd8 19. Rd1 Nf5 20. Bc1 a6 21. Na3
Qb7+ 22. Kg1 Ned4 23. Nxd4 Nxd4 24. Qa2 Nf3+ 25. Kf1 Nxh2+ 26. Kg1 Nf3+ 27. Kf1
Nd4 28. Kg1 Qf3 29. Re1 Qxd3 30. Re3 Qd1+ 31. Kg2 Nf5 32. Rf3 Rac8 33. Bh6 Qd5
34. Qxd5 Rxd5 35. Bxg7 Kxg7 36. Re1 f6 37. Re4 Rd4 38. Rxd4 Nxd4 39. Rd3 Kf7
40. g4 Ke6 41. Rh3 Rc7 42. Nb1 Rc4 43. b5 axb5 44. axb5 Nxb5 45. Rb3 Nd6 46.
Rxb6 Rxg4+ 47. Kh3 Rd4 48. Kg2 Rd3 49. Ra6 Kf5 50. Na3 Kg5 51. Ra4 h5 52. Nc2
Nf5 53. Ne1 Rd6 54. Nf3+ Kh6 55. Ra8 e4 56. Ng1 Rd2 57. Kf1 e3 58. fxe3 Nxe3+
59. Ke1 Rd1+ 60. Kf2 Rf1+ 0-1

[Event "?"]
[Site "?"]
[Date "????.??.??"]
[Round "?"]
[White "Akvist, H."]
[Black "Packroff, H."]
[Result "1-0"]
[WhiteElo "2230"]
[BlackElo "2157"]
[PlyCount "99"]
[EventDate "2006.02.24"]

1. d4 Nf6 2. c4 e5 3. dxe5 Ng4 4. e4 Nxe5 5. f4 Nec6 6. Be3 Bb4+ 7. Kf2 Qe7 8.
Bd3 O-O 9. Nf3 Bc5 10. Re1 Bxe3+ 11. Rxe3 d6 12. Nc3 Bg4 13. Qd2 Bxf3 14. Rxf3
Nd7 15. Nd5 Qd8 16. Re1 Ne7 17. Nc3 Ng6 18. Kg1 Qf6 19. Bb1 Nb6 20. b3 Rfe8 21.
a4 a5 22. Nb5 Re7 23. c5 dxc5 24. e5 Qh4 25. g3 Qg4 26. Rd3 Nh4 27. Rd8+ Re8
28. Rxa8 Nxa8 29. Be4 Nf3+ 30. Bxf3 Qxf3 31. Re3 Qc6 32. Qxa5 Rc8 33. Rd3 Re8
34. Qd2 c4 35. bxc4 Qxc4 36. Rd4 Qc5 37. Qb4 Qc1+ 38. Kg2 h5 39. Qc3 Qb1 40.
Qd2 g6 41. Nc3 Qf5 42. Ne4 Rf8 43. Nf6+ Kg7 44. h3 Qc8 45. Nd7 Re8 46. f5 Nb6
47. e6 fxe6 48. f6+ Kh7 49. Nxb6 cxb6 50. Rd7+ 1-0

[Event "?"]
[Site "?"]
[Date "????.??.??"]
[Round "?"]
[White "Dueckstein, A."]
[Black "Boehnisch, M."]
[Result "0-1"]
[WhiteElo "2276"]
[BlackElo "2372"]
[PlyCount "47"]
[EventDate "2006.02.24"]

1. e4 c6 2. d4 d5 3. Nc3 dxe4 4. Nxe4 Bf5 5. Ng3 Bg6 6. h4 h6 7. f4 e6 8. h5
Bh7 9. Nf3 Nd7 10. Bd3 Bxd3 11. Qxd3 Ngf6 12. Bd2 Qc7 13. Ne5 c5 14. O-O-O cxd4
15. Qxd4 Rc8 16. Bc3 Nxe5 17. fxe5 Nd5 18. Ne4 Qc4 19. Rhe1 Qxd4 20. Bxd4 b6
21. a3 Be7 22. Nc3 Nxc3 23. Bxc3 Bxa3 24. Re4 0-1

[Event "?"]
[Site "?"]
[Date "????.??.??"]
[Round "?"]
[White "Braun, G."]
[Black "Strauss, A."]
[Result "1-0"]
[WhiteElo "2314"]
[BlackElo "2185"]
[PlyCount "27"]

1. e4 e6 2. d4 d5 3. exd5 exd5 4. Nf3 Bd6 5. c4 Nf6 6. Nc3 O-O 7. cxd5 Nbd7 8.
Bc4 Nb6 9. Bb3 Re8+ 10. Be3 Bb4 11. O-O Nbxd5 12. Nxd5 Nxd5 13. Bxd5 Qxd5 14.
Qa4 1-0

[Event "?"]
[Site "?"]
[Date "????.??.??"]
[Round "?"]
[White "Seuss, O."]
[Black "Boehlig, H."]
[Result "1/2-1/2"]
[WhiteElo "2113"]
[BlackElo "2238"]
[PlyCount "39"]
[EventDate "2006.02.24"]

1. e4 c5 2. Nf3 e6 3. d4 cxd4 4. Nxd4 a6 5. Bd3 Qc7 6. Qe2 d6 7. c4 g6 8. Nc3
Bg7 9. Be3 Nf6 10. Rc1 O-O 11. O-O Nc6 12. Nxc6 bxc6 13. f4 c5 14. h3 Bb7 15.
Qf2 Rac8 16. Kh2 Rfe8 17. g4 Nd7 18. Rfd1 Nf6 19. g5 Nd7 20. Bb1 1/2-1/2

[Event "?"]
[Site "?"]
[Date "????.??.??"]
[Round "?"]
[White "Bautista V,  J."]
[Black "Eskandary, J."]
[Result "1-0"]
[WhiteElo "2234"]
[BlackElo "2159"]
[PlyCount "101"]

1. c4 e5 2. Nc3 Nc6 3. g3 Bc5 4. Bg2 d6 5. d3 Nge7 6. Nf3 a6 7. a3 Bf5 8. b4
Ba7 9. Nh4 Bd7 10. e3 Qc8 11. Nd5 Nxd5 12. cxd5 Ne7 13. Bb2 O-O 14. d4 f6 15.
e4 Qe8 16. O-O c6 17. dxc6 Nxc6 18. Nf5 Bxf5 19. exf5 Qe7 20. dxe5 fxe5 21.
Qd5+ Kh8 22. Rad1 Rad8 23. Be4 Rf7 24. Kg2 Nd4 25. Bxd4 Bxd4 26. Rc1 Qe8 27.
Rc2 Re7 28. Rfc1 Bb6 29. Rc3 Qf8 30. R1c2 Red7 31. Rf3 Qf6 32. h4 Bd4 33. Kh3
Qf7 34. Qxf7 Rxf7 35. Bd5 Re7 36. f6 gxf6 37. Rxf6 Kg7 38. Rf5 a5 39. g4 axb4
40. axb4 Ra8 41. g5 e4 42. Rc4 e3 43. fxe3 Bxe3 44. Rf3 Rae8 45. Rf6 Rd8 46.
Kg4 b5 47. Rc2 Bd4 48. Rh6 Kh8 49. Rc6 Red7 50. g6 Be3 51. Rh5 1-0

[Event "?"]
[Site "?"]
[Date "????.??.??"]
[Round "?"]
[White "Schwier, M."]
[Black "Anguera Maestro, J."]
[Result "0-1"]
[WhiteElo "2131"]
[BlackElo "2220"]
[PlyCount "73"]
[EventDate "2006.02.24"]

1. e4 d5 2. e5 c5 3. f4 Nc6 4. Nf3 Bg4 5. Be2 e6 6. O-O h5 7. c3 Qb6 8. d3 Nh6
9. Qb3 Qc7 10. Qd1 Be7 11. Na3 a6 12. Nc2 b5 13. d4 Nf5 14. a4 b4 15. Ne3 g6
16. Nxf5 Bxf5 17. Be3 c4 18. Qe1 Rb8 19. Bd2 Na5 20. Bd1 bxc3 21. Bxc3 Nb3 22.
Bxb3 Rxb3 23. Rf2 Kd7 24. Ng5 Rf8 25. h3 Qd8 26. Qd2 Qb8 27. Kh2 Bb4 28. Nh7
Rh8 29. Nf6+ Kc6 30. Bxb4 Qxb4 31. Qc1 Rb8 32. Ra2 Rd3 33. Kg1 Rxd4 34. g4 hxg4
35. hxg4 Be4 36. Ra3 Qxa3 37. Nxe4 0-1

[Event "?"]
[Site "?"]
[Date "????.??.??"]
[Round "?"]
[White "Coll, E."]
[Black "Goldberg, V."]
[Result "1/2-1/2"]
[WhiteElo "2171"]
[BlackElo "2054"]
[PlyCount "104"]
[EventDate "2006.02.24"]

1. e4 e5 2. d4 exd4 3. Qxd4 Nc6 4. Qe3 b6 5. Nc3 Bb7 6. a3 Nf6 7. Qg3 Bd6 8. f4
Qe7 9. Bd3 Nxe4 10. Bxe4 f5 11. Be3 fxe4 12. O-O-O O-O-O 13. Nge2 Na5 14. Nb5
Nc4 15. Nxa7+ Kb8 16. Nb5 Nxe3 17. Qxe3 Bc5 18. Qb3 c6 19. Nbd4 Kc7 20. Qg3
Rdf8 21. Rhe1 Rf6 22. Nb3 Rg6 23. Qc3 Rxg2 24. Nxc5 Qxc5 25. Qh3 Rg6 26. Qxd7+
Kb8 27. Nc3 Bc8 28. Nxe4 Bxd7 29. Nxc5 Bg4 30. Nd3 Kc7 31. Ne5 Bxd1 32. Nxg6
hxg6 33. Kxd1 Rxh2 34. Re7+ Kd6 35. Rxg7 Rg2 36. a4 Kc5 37. f5 g5 38. f6 Kb4
39. f7 Rf2 40. b3 b5 41. Rxg5 Rxf7 42. axb5 cxb5 43. Kc1 Rf2 44. Rd5 Rh2 45.
Rd2 Rh1+ 46. Kb2 Kc5 47. c3 Rh5 48. Rg2 Rf5 49. Rg6 b4 50. cxb4+ Kxb4 51. Rg4+
Kb5 52. Ka3 Rh5 1/2-1/2

[Event "?"]
[Site "?"]
[Date "????.??.??"]
[Round "?"]
[White "Opl, K."]
[Black "Tchetchelnitski, B."]
[Result "0-1"]
[WhiteElo "2333"]
[BlackElo "2204"]
[PlyCount "82"]

1. d4 e6 2. Nf3 b5 3. e3 a6 4. a4 b4 5. Bd3 Nf6 6. O-O d5 7. c4 bxc3 8. bxc3 c5
9. Ba3 Nbd7 10. Nbd2 Be7 11. Qe2 O-O 12. Rfe1 Ra7 13. e4 dxe4 14. Nxe4 Nxe4 15.
Bxe4 Qc7 16. Ne5 Nxe5 17. dxe5 Bb7 18. Bxb7 Rxb7 19. Red1 Qc6 20. Qc4 Rfb8 21.
h3 h6 22. Kh2 a5 23. Ra2 Rd7 24. Rad2 Rxd2 25. Rxd2 Bf8 26. Rd3 Qc7 27. Bc1 Rd8
28. f4 Rxd3 29. Qxd3 c4 30. Qe4 Bc5 31. h4 Bb6 32. Ba3 Qd8 33. Kh3 Bf2 34. g3
Qd3 35. Qg2 Be1 36. Bb2 h5 37. Ba1 Bxc3 38. Bxc3 Qxc3 39. Qa8+ Kh7 40. Qe8 Qf3
41. Qxf7 Qh1# 0-1

[Event "?"]
[Site "?"]
[Date "????.??.??"]
[Round "?"]
[White "Schoene, A."]
[Black "Bukacek, E."]
[Result "1/2-1/2"]
[WhiteElo "2187"]
[BlackElo "2259"]
[PlyCount "80"]

1. e4 e5 2. Nf3 d6 3. d4 Nf6 4. Nc3 Nbd7 5. Bc4 Be7 6. O-O h6 7. Qe2 c6 8. a4
Qc7 9. Rd1 Nf8 10. dxe5 dxe5 11. Nh4 g6 12. g3 Ne6 13. Bxe6 Bxe6 14. Ng2 h5 15.
Bg5 Nh7 16. Bxe7 Qxe7 17. Ne3 Qc5 18. h4 Nf6 19. Qf3 Ng4 20. Nxg4 Bxg4 21. Qf6
O-O 22. Rd3 Rfe8 23. Kg2 Qe7 24. Qxe7 Rxe7 25. f3 Be6 26. Rad1 Kf8 27. b3 a5
28. Rf1 Rd7 29. Rxd7 Bxd7 30. Rd1 Ke7 31. Rd2 f6 32. Nd1 Be6 33. Kf2 Rd8 34.
Rxd8 Kxd8 35. Ke3 Kc7 36. Kd3 Kd6 37. Kc3 Kc5 38. Nf2 b6 39. g4 Kd6 40. gxh5
gxh5 1/2-1/2

[Event "?"]
[Site "?"]
[Date "????.??.??"]
[Round "?"]
[White "Stuerzenbaum, A."]
[Black "Korn, C J."]
[Result "1/2-1/2"]
[WhiteElo "2212"]
[BlackElo "2096"]
[PlyCount "54"]

1. e4 c5 2. Nf3 g6 3. d4 cxd4 4. Nxd4 Bg7 5. c4 Nc6 6. Be3 Nf6 7. Nc3 Ng4 8.
Qxg4 Nxd4 9. Qd1 Ne6 10. Rc1 Qa5 11. Qd2 b6 12. Be2 Bb7 13. f3 d6 14. O-O g5
15. b3 Rc8 16. Rfd1 Bc6 17. Nd5 Qxd2 18. Rxd2 Rg8 19. g3 Be5 20. Rcd1 h5 21.
Bf1 h4 22. gxh4 gxh4+ 23. Rg2 Kd7 24. Rxg8 Rxg8+ 25. Kh1 Bxd5 26. Rxd5 Ke8 27.
Rd2 Bf4 1/2-1/2

[Event "?"]
[Site "?"]
[Date "????.??.??"]
[Round "?"]
[White "Turikov, V."]
[Black "Staller, P."]
[Result "0-1"]
[WhiteElo "2345"]
[BlackElo "2243"]
[PlyCount "92"]
[EventDate "2006.02.24"]

1. b3 e5 2. Bb2 d6 3. c4 Nf6 4. e3 g6 5. Nf3 Bg7 6. Nc3 O-O 7. d3 Re8 8. Qc2
Bf5 9. Ne4 a5 10. a3 Na6 11. Be2 b6 12. O-O c6 13. Rfd1 Qc7 14. Rac1 Rac8 15.
Ng3 Bd7 16. d4 e4 17. Nd2 d5 18. Nb1 Qb7 19. Nc3 b5 20. Nb1 Ra8 21. Qd2 b4 22.
a4 h5 23. Nf1 Bg4 24. Qe1 Bxe2 25. Qxe2 Qd7 26. Rc2 Nc7 27. Bc1 Ne6 28. Bb2 Bf8
29. Rdc1 Rec8 30. Nbd2 Bd6 31. f3 exf3 32. Nxf3 Ne4 33. Ne5 Bxe5 34. dxe5 N4c5
35. Rd1 Nxb3 36. Qf3 Nbc5 37. cxd5 cxd5 38. Rxd5 Qb7 39. Rcd2 Rd8 40. Ng3 Rxd5
41. Rxd5 Rd8 42. e4 Nxa4 43. Bc1 Nc3 44. Nxh5 gxh5 45. Qg3+ Kh7 46. Rxd8 Ne2+
0-1

[Event "?"]
[Site "?"]
[Date "????.??.??"]
[Round "?"]
[White "Zunker, R."]
[Black "Golcman, E."]
[Result "1/2-1/2"]
[WhiteElo "2190"]
[BlackElo "2317"]
[PlyCount "37"]
[EventDate "2006.02.24"]

1. e4 d6 2. d4 Nf6 3. Nc3 g6 4. f4 Bg7 5. Nf3 O-O 6. Bd3 c5 7. dxc5 dxc5 8. e5
Nd5 9. Nxd5 Qxd5 10. Qe2 Nc6 11. Be4 Qd7 12. Be3 b6 13. O-O Qc7 14. c3 Bb7 15.
Qc2 Rac8 16. Rad1 Rfd8 17. Ng5 Rxd1 18. Rxd1 Rd8 19. Rxd8+ 1/2-1/2

[Event "?"]
[Site "?"]
[Date "????.??.??"]
[Round "?"]
[White "Krylov, S."]
[Black "Escher, H."]
[Result "1/2-1/2"]
[WhiteElo "2253"]
[BlackElo "2084"]
[PlyCount "93"]

1. c4 Nf6 2. g3 g6 3. Bg2 c6 4. b3 Bg7 5. Bb2 O-O 6. Nf3 d6 7. O-O Bg4 8. h3
Bxf3 9. Bxf3 e5 10. d3 Re8 11. Nd2 Nbd7 12. Rb1 a5 13. Ba3 Qc7 14. Qc2 Nf8 15.
Bg2 Ne6 16. e3 Red8 17. Ne4 Ne8 18. Bb2 Rac8 19. Qe2 f5 20. Nd2 Nf6 21. Rbc1
Qe7 22. Bc3 b6 23. a3 c5 24. Rb1 Qc7 25. b4 axb4 26. axb4 Kh8 27. Rb3 d5 28.
Ra1 e4 29. cxd5 Nxd5 30. Bxg7+ Qxg7 31. Rd1 Nc3 32. Rxc3 Qxc3 33. dxe4 cxb4 34.
exf5 gxf5 35. Nf1 Rxd1 36. Qxd1 b3 37. Qd7 b2 38. Nd2 Nf8 39. Qxf5 Ng6 40. Be4
Rd8 41. Nf1 Rf8 42. Qb5 Qf6 43. f4 Rd8 44. Qb3 Rc8 45. Kf2 Rc1 46. Nd2 Qc3 47.
Qd5 1/2-1/2

[Event "?"]
[Site "?"]
[Date "????.??.??"]
[Round "?"]
[White "Bomert, E."]
[Black "Vager, B."]
[Result "1/2-1/2"]
[WhiteElo "2172"]
[BlackElo "2175"]
[PlyCount "72"]

1. d4 e6 2. Nf3 f5 3. g3 Nf6 4. Bg2 Be7 5. O-O O-O 6. b3 d6 7. Bb2 Qe8 8. Nbd2
Nc6 9. Ne1 a5 10. a3 Rb8 11. Nd3 Bd7 12. c4 Nd8 13. e4 fxe4 14. Nxe4 Nxe4 15.
Bxe4 Bc6 16. d5 exd5 17. cxd5 Bd7 18. Nf4 Bf6 19. Re1 Qf7 20. Qc2 Bxb2 21.
Bxh7+ Kh8 22. Ng6+ Kxh7 23. Nxf8+ Kg8 24. Nxd7 Bxa1 25. Nxb8 Bd4 26. Re4 Bf6
27. Rc4 Qxd5 28. Rxc7 Ne6 29. Rc8+ Kf7 30. Nd7 b5 31. Nxf6 Kxf6 32. Qc3+ Kg6
33. h4 Nd4 34. Qd3+ Kf7 35. Rc7+ Kg8 36. Rc8+ Kf7 1/2-1/2

[Event "?"]
[Site "?"]
[Date "????.??.??"]
[Round "?"]
[White "Biebinger, G."]
[Black "Siegmund, R."]
[Result "1/2-1/2"]
[WhiteElo "2315"]
[BlackElo "2177"]
[PlyCount "48"]
[EventDate "2005.12.14"]

1. c4 c5 2. Nf3 Nc6 3. d4 cxd4 4. Nxd4 g6 5. e4 Bg7 6. Be3 d6 7. Nc3 Bd7 8. Be2
Nf6 9. O-O O-O 10. Qd2 Nxd4 11. Bxd4 Bc6 12. f3 Qa5 13. a3 Rfc8 14. b4 Qd8 15.
Rad1 b6 16. Kh1 Bb7 17. Rfe1 Qf8 18. Nd5 Nxd5 19. exd5 Bxd4 20. Qxd4 Rc7 21. a4
Bc8 22. Ra1 Rb8 23. a5 bxa5 24. Rxa5 Rxb4 1/2-1/2

[Event "?"]
[Site "?"]
[Date "????.??.??"]
[Round "?"]
[White "Eis, H."]
[Black "Kahn, P."]
[Result "1/2-1/2"]
[WhiteElo "2145"]
[BlackElo "2162"]
[PlyCount "79"]
[EventDate "2006.02.24"]

1. d4 d5 2. Nf3 Nf6 3. b3 e6 4. Bb2 Nbd7 5. e3 Bd6 6. Nbd2 O-O 7. Ne5 c5 8. Be2
Qc7 9. Nxd7 Bxd7 10. dxc5 Qxc5 11. O-O Qc7 12. h3 Bc6 13. c4 Rfd8 14. Qc1 Qe7
15. Bc3 Rac8 16. a3 e5 17. Re1 b6 18. Qb2 Bb8 19. g3 Qe6 20. Kh2 Qf5 21. Rf1
dxc4 22. Nxc4 Bd7 23. g4 e4+ 24. Be5 Bxe5+ 25. Nxe5 Qe6 26. Rfd1 Bc6 27. Nxc6
Qxc6 28. Rac1 Qb7 29. g5 Ne8 30. Bg4 Rxc1 31. Qxc1 Rxd1 32. Qxd1 Qc7+ 33. Kg2
Qe7 34. Qd5 Kf8 35. b4 Nc7 36. Qc6 Ne8 37. h4 g6 38. Bd7 Nd6 39. Qa8+ Kg7 40.
Qxa7 1/2-1/2

[Event "?"]
[Site "?"]
[Date "????.??.??"]
[Round "?"]
[White "Dorawa, B."]
[Black "Funk, P."]
[Result "0-1"]
[WhiteElo "2110"]
[BlackElo "2206"]
[PlyCount "108"]

1. e4 d6 2. b3 Nf6 3. Nc3 g6 4. g3 Bg7 5. Bg2 O-O 6. Nge2 c6 7. O-O Nbd7 8. d4
a6 9. Bb2 Qc7 10. Qd2 Rb8 11. Nd1 b5 12. Ne3 Bb7 13. c4 bxc4 14. bxc4 a5 15.
Bc3 Ra8 16. a4 e5 17. dxe5 dxe5 18. Qc2 Rfe8 19. Rab1 Nc5 20. Nc1 Red8 21. Nb3
Nfd7 22. Nxc5 Nxc5 23. Rfd1 Ba6 24. Rxd8+ Rxd8 25. Bf1 Bf8 26. Rd1 Be7 27.
Rxd8+ Bxd8 28. Ng4 f6 29. Ne3 Ne6 30. Qa2 Nc5 31. Qc2 Bc8 32. Be2 Be6 33. Bg4
Qd7 34. Bxe6+ Nxe6 35. Qd2 Qxd2 36. Bxd2 Nc5 37. f3 Nxa4 38. Kf1 Bb6 39. Ke2
Nb2 40. Bc3 Na4 41. Bd2 Kf7 42. Kd3 Nc5+ 43. Kc3 Ne6 44. Nc2 h5 45. Be3 Bxe3
46. Nxe3 Ng5 47. Kb3 Nxf3 48. Ka4 Nd2 49. Kxa5 Nxe4 50. Kb6 c5 51. Kc6 Ke6 52.
Nc2 f5 53. Ne3 g5 54. Nd5 f4 0-1

[Event "?"]
[Site "?"]
[Date "????.??.??"]
[Round "?"]
[White "Littlewood, J E."]
[Black "Kool, G."]
[Result "1-0"]
[WhiteElo "2275"]
[BlackElo "2126"]
[PlyCount "87"]

1. e4 e6 2. d3 d5 3. Nc3 c5 4. g3 b6 5. Bg2 Bb7 6. Nf3 Nf6 7. e5 Nfd7 8. O-O a6
9. Qe2 Nc6 10. Bf4 Be7 11. h4 h6 12. h5 Nf8 13. Rae1 Nh7 14. Nd1 Ng5 15. Nh2
Nd4 16. Qd2 Qc7 17. Ne3 O-O-O 18. g4 g6 19. c3 Nc6 20. Bg3 Rhg8 21. hxg6 fxg6
22. f4 Nf7 23. Nc2 d4 24. c4 Rde8 25. Qf2 Bd8 26. Nf3 Ne7 27. b4 h5 28. bxc5
bxc5 29. Rb1 Bc6 30. Nfxd4 cxd4 31. Nxd4 Bxg2 32. Qxg2 Qa7 33. Bf2 Bb6 34. c5
Bc7 35. Nxe6 Nd8 36. c6 Qxf2+ 37. Qxf2 Nxe6 38. Rfc1 Rgf8 39. Qa7 Kd8 40. Rb8+
Nc8 41. Rxc8+ Kxc8 42. Qa8+ Bb8 43. Qb7+ Kd8 44. Qd7# 1-0

[Event "?"]
[Site "?"]
[Date "????.??.??"]
[Round "?"]
[White "Vink, Wim"]
[Black "Richarsdson, K."]
[Result "1/2-1/2"]
[WhiteElo "2141"]
[BlackElo "2236"]
[PlyCount "66"]

1. d4 Nf6 2. Nf3 g6 3. g3 Bg7 4. Bg2 O-O 5. O-O d6 6. c4 Nc6 7. Nc3 e5 8. dxe5
Nxe5 9. Nxe5 dxe5 10. Bg5 Qxd1 11. Raxd1 c6 12. Rd2 Be6 13. b3 Rfe8 14. Rfd1
Ng4 15. Rd3 f5 16. e4 f4 17. Bh3 h6 18. Bd8 Bf8 19. Bxg4 Bxg4 20. f3 Bxf3 21.
Rxf3 Raxd8 22. gxf4 Rxd1+ 23. Nxd1 exf4 24. Rxf4 Rd8 25. Nf2 Rd2 26. a4 Rb2 27.
Ng4 Rxb3 28. Kg2 Kg7 29. e5 h5 30. Nf6 Re3 31. Ne8+ Kg8 32. Nf6+ Kg7 33. Ne8+
Kg8 1/2-1/2

[Event "?"]
[Site "?"]
[Date "????.??.??"]
[Round "?"]
[White "Macdonald-Ross, M."]
[Black "Oud, N."]
[Result "1-0"]
[WhiteElo "2207"]
[BlackElo "2085"]
[PlyCount "49"]

1. d4 d5 2. Nf3 e6 3. g3 Nf6 4. Bg2 Be7 5. O-O O-O 6. c4 dxc4 7. Na3 c5 8. Nxc4
Nc6 9. dxc5 Bxc5 10. Nfe5 Nxe5 11. Nxe5 Qe7 12. Nd3 Bb6 13. Bd2 Rd8 14. Qc2 e5
15. Bb4 Qe8 16. Nc5 Nd5 17. Ba3 Rb8 18. Rad1 Be6 19. Nxe6 Qxe6 20. Qb3 e4 21.
Rd2 Rd7 22. e3 Rbd8 23. Rfd1 Qf5 24. Qa4 Qf6 25. Rxd5 1-0

[Event "?"]
[Site "?"]
[Date "????.??.??"]
[Round "?"]
[White "Monte, P."]
[Black "Wheeler, J F."]
[Result "0-1"]
[WhiteElo "2117"]
[BlackElo "2187"]
[PlyCount "88"]

1. e4 e5 2. f4 exf4 3. Nf3 d5 4. exd5 Nf6 5. Nc3 Be7 6. d4 Nxd5 7. Nxd5 Qxd5 8.
Be2 O-O 9. Bxf4 c5 10. O-O cxd4 11. Ne5 Bf6 12. Bc4 Qc5 13. Qd3 Bxe5 14. Bxe5
Qxe5 15. Rae1 Qd6 16. Rxf7 Kh8 17. Re4 Rxf7 18. Bxf7 Bd7 19. Rxd4 Qe7 20. Rf4
Nc6 21. Bb3 Be6 22. c4 Rd8 23. Qe3 Qd7 24. h3 Nd4 25. Re4 h6 26. Kh1 Nxb3 27.
Rxe6 Na5 28. c5 Nc6 29. a3 Qf7 30. b4 a6 31. Qe4 Rf8 32. Rd6 Re8 33. Qh4 Qe7
34. Qh5 Qe1+ 35. Kh2 Qe5+ 36. Qxe5 Rxe5 37. Rd3 Kg8 38. Kg3 Kf7 39. Kf4 g5+ 40.
Kg3 Ke7 41. Rb3 Nd4 42. Rd3 Re4 43. Kf2 Ke6 44. g3 Kd5 0-1

[Event "?"]
[Site "?"]
[Date "????.??.??"]
[Round "?"]
[White "Clemens, C."]
[Black "Krieger, H."]
[Result "0-1"]
[WhiteElo "2295"]
[BlackElo "2218"]
[PlyCount "84"]

1. g3 f5 2. d4 Nf6 3. Bg2 g6 4. c4 Bg7 5. Nc3 O-O 6. Nh3 d6 7. d5 Na6 8. Be3
Bd7 9. Qd2 Ng4 10. Bf4 c5 11. O-O Nc7 12. a4 b6 13. b3 Re8 14. f3 Ne5 15. Bh6
Bf6 16. Bg5 Nf7 17. Bxf6 exf6 18. Rfe1 a6 19. Nf4 Rb8 20. Bh3 b5 21. axb5 axb5
22. cxb5 Nxb5 23. Nxb5 Rxb5 24. Qc3 Ne5 25. Ne6 Qb6 26. Ra3 Bxe6 27. dxe6 Rxe6
28. f4 Nf7 29. Kf1 d5 30. Bg2 Rd6 31. e3 Kg7 32. Rd1 d4 33. exd4 cxd4 34. Qb2
d3 35. Qf2 Qc7 36. b4 Qc4 37. Qa2 Qc2 38. Rd2 Qc1+ 39. Kf2 Rxb4 40. Ra7 Re6 41.
Bf3 Rb1 42. Bd1 Ra1 0-1

[Event "?"]
[Site "?"]
[Date "????.??.??"]
[Round "?"]
[White "Kelchner, H."]
[Black "Dornieden, M."]
[Result "0-1"]
[WhiteElo "2137"]
[BlackElo "2284"]
[PlyCount "128"]

1. d4 d6 2. c4 e5 3. e3 Nc6 4. Nc3 g6 5. Nf3 Bg7 6. Be2 Nge7 7. d5 Nb8 8. Qa4+
Bd7 9. Qb3 Qc8 10. e4 O-O 11. Be3 b6 12. Nd2 a5 13. Nb5 Na6 14. Qc2 f5 15. f3
Kh8 16. Bg5 Ng8 17. h4 h5 18. exf5 Bxf5 19. Ne4 Nf6 20. O-O-O Nxe4 21. fxe4 Bg4
22. Kb1 Kh7 23. Rhf1 Qd7 24. Qd2 Rxf1 25. Rxf1 Rf8 26. Rxf8 Bxf8 27. Qe3 Bxe2
28. Qxe2 Be7 29. Bxe7 Qxe7 30. Qf2 Kg7 31. a3 Nc5 32. Nc3 Qd7 33. Qf3 Nb3 34.
Ka2 Nd4 35. Qg3 Qg4 36. Qf2 Qf4 37. Qe1 Nc2 38. Qe2 Qc1 39. Qd1 Qxd1 40. Nxd1
g5 41. g3 gxh4 42. gxh4 Nd4 43. Ne3 a4 44. Kb1 Kf6 45. Kc1 Nb3+ 46. Kc2 Nc5 47.
Kc3 Nxe4+ 48. Kb4 Ng3 49. Kxa4 Nf5 50. Ng2 Nd4 51. Kb4 Kf5 52. Kc3 c5 53. dxc6
Nxc6 54. Ne3+ Kf4 55. Nd5+ Kg4 56. Nxb6 Kxh4 57. b4 Kg3 58. Nd5 h4 59. b5 Na5
60. Ne3 h3 61. Nf1+ Kg2 62. Ne3+ Kf3 63. Nf1 e4 64. Nd2+ Kg2 0-1

[Event "?"]
[Site "?"]
[Date "????.??.??"]
[Round "?"]
[White "Jentsch, D."]
[Black "Bold, K."]
[Result "1-0"]
[WhiteElo "2196"]
[BlackElo "2155"]
[PlyCount "43"]
[EventDate "2006.02.24"]

1. e4 d5 2. exd5 Qxd5 3. Nc3 Qa5 4. d4 Nf6 5. Bc4 Bg4 6. Nf3 e6 7. h3 Bh5 8.
Bd2 c6 9. Ne4 Qd8 10. Nxf6+ gxf6 11. Qe2 Be7 12. g4 Bg6 13. O-O-O Nd7 14. Nh4
Nb6 15. Bb3 f5 16. Nxg6 hxg6 17. gxf5 gxf5 18. Rhg1 Qd7 19. Qe5 O-O-O 20. Rg7
Qxd4 21. Qxd4 Rxd4 22. Rxf7 1-0